| 000 | 00446nam a2200169Ia 4500 | ||
|---|---|---|---|
| 008 | 221030s9999 xx 000 0 und d | ||
| 020 | _a007113951P | ||
| 041 | _aEnglish | ||
| 082 |
_a105.23 _bBee |
||
| 100 | _aF. P. Beer | ||
| 245 | 0 |
_aVector Mechanics for Engineers : Statics _cby F. P. Beer, E. R. Johnston |
|
| 260 |
_bMcGraw-Hill Pub _aNew Delhi _c1992 |
||
| 300 | _a117 | ||
| 650 | _aMechanical | ||
| 700 | _aE. R. Johnston | ||
| 942 | _cBK | ||
| 999 |
_c8311 _d8311 |
||